Statystyki dla Legendy włoskiej piłki nożnej

Kliknij tutaj aby rozwiązać quiz!

Ogólne statystyki

  • Ten quiz został rozwiązany 1 075 razy
    (984 od ostatniego zresetowania)
  • Średni wynik to 11 z 40

Statystyki odpowiedzi

PozycjaImię i nazwisko% Poprawnych
BramkarzGianluigi Buffon
94%
ObrońcaPaolo Maldini
89%
NapastnikAlessandro Del Piero
78%
PomocnikAndrea Pirlo
78%
ObrońcaFabio Cannavaro
72%
ObrońcaAlessandro Nesta
61%
ObrońcaGiorgio Chiellini
59%
NapastnikRoberto Baggio
59%
NapastnikFrancesco Totti
58%
NapastnikFilippo Inzaghi
57%
PomocnikGennaro Gattuso
55%
PomocnikDaniele De Rossi
50%
ObrońcaFranco Baresi
49%
NapastnikGianfranco Zola
42%
NapastnikChristian Vieri
40%
ObrońcaGianluca Zambrotta
39%
BramkarzDino Zoff
30%
NapastnikPaolo Rossi
29%
NapastnikGiuseppe Meazza
15%
BramkarzFrancesco Toldo
11%
ObrońcaAlessandro Costacurta
8%
PomocnikCarlo Ancelotti
8%
PomocnikMassimo Ambrosini
8%
Pomocnik/NapastnikGianni Rivera
7%
ObrońcaGiacinto Facchetti
5%
BramkarzAngelo Peruzzi
4%
PomocnikDemetrio Albertini
4%
BramkarzGianluca Pagliuca
4%
NapastnikSilvio Piola
4%
ObrońcaGiuseppe Bergomi
3%
Pomocnik/NapastnikSandro Mazzola
3%
Pomocnik/NapastnikValentino Mazzola
3%
BramkarzWalter Zenga
3%
ObrońcaClaudio Gentile
2%
ObrońcaAntonio Cabrini
1%
ObrońcaCiro Ferrara
1%
PomocnikGiovanni Ferrari
1%
ObrońcaEraldo Monzeglio
0%
NapastnikGiuseppe Signori
0%
ObrońcaTarcisio Burgnich
0%

Rozkład punktacji

Percentyl według liczby udzielonych odpowiedzi

Procent ludzi z każdym wynikiem

Twoja historia wyników

Nie rozwiązałeś tego quizu od ostatniego zresetowania